| 000 | 01252cam a22002894a 4500 | ||
|---|---|---|---|
| 999 |
_c332331 _d332331 |
||
| 001 | 13167970 | ||
| 003 | NUST | ||
| 005 | 20171124121211.0 | ||
| 008 | 030418s2003 ne a b 001 0 eng | ||
| 010 | _a 2003049098 | ||
| 020 | _a012561540X (alk. paper) | ||
| 040 |
_aDLC _cDLC _dDLC |
||
| 042 | _apcc | ||
| 050 | 0 | 0 |
_aTD193 _b.P665 2003 |
| 082 | 0 | 0 |
_a628.520287 POP _221 |
| 100 | 1 |
_aPopek, Emma P. _96770 |
|
| 245 | 1 | 0 |
_aSampling and analysis of environmental chemical pollutants : _ba complete guide / _cby Emma P. Popek. |
| 250 | _a1st ed. | ||
| 260 |
_aAmsterdam ; _aBoston : _bAcademic Press, _c2003. |
||
| 300 |
_aix, 356 p. : _bill. ; _c25 cm. |
||
| 500 | _aH.B | ||
| 504 | _aIncludes bibliographical references (p. 343-346) and index. | ||
| 650 | 0 |
_aPollutants _xAnalysis. _96546 |
|
| 650 | 0 |
_aEnvironmental sampling. _96501 |
|
| 856 | 4 | 1 |
_3Table of contents _uhttp://www.loc.gov/catdir/toc/els041/2003049098.html |
| 856 | 4 | 2 |
_3Publisher description _uhttp://www.loc.gov/catdir/description/els031/2003049098.html |
| 906 |
_a7 _bcbc _corignew _d1 _eocip _f20 _gy-gencatlg |
||
| 942 |
_2ddc _cBK _kIESE |
||